| 000 | 00633nam a2200217 i 4500 | ||
|---|---|---|---|
| 001 | bg | ||
| 245 | 0 |
_aPodstawy rachunkowości : _bpraca zbiorowa / _cpod red. Kazimierza Sawickiego. |
|
| 260 |
_aWarszawa : _bPańst.Wydaw.Ekonomiczne, _c1994. |
||
| 300 |
_a305, [2] s. : _brys. ; _c24 cm. |
||
| 504 | _aWykaz aktów prawnych s. 307. | ||
| 650 | 9 | _aRachunkowość | |
| 655 | _aPodręczniki akademickie | ||
| 700 | 1 |
_aSawicki, Kazimierz _d(1926- ). _eRed. |
|
| 020 | _a8320809304 | ||
| 040 | _cBPK | ||
| 041 | 0 | _apl | |
| 080 | _a657(075.8) | ||
| 920 | _a83-208-0930-4 | ||
| 942 | _cKS | ||
| 008 | s pl f |000 0 pol | ||
| 999 |
_c6563 _d6563 |
||
| 856 |
_uhttp://koha.tu.koszalin.pl/cgi-bin/koha/opac-detail.pl?biblionumber=6563 _yKatalog online BPK |
||